000 00458nam a2200193Ia 4500
005 20240823015727.0
008 240823s9999||||xx |||||||||||||| ||und||
020 _a81-87972-13-0
041 _aENGLISH
082 _A621.317 P4
100 _aAlok Jain
245 0 _aPower Electronics and its Applications
250 _a2nd
260 _c2004
_b"Penram,M"
500 _aYES
650 _aElectronics
_bInstrumentation
942 _cBK
999 _c173096
_d173096